00317nam a2200121Ia 4500008004100000041000800041082001500049100001300064245003300077260005100110300002300161365001100184240624s9999 xx 000 0 und d aeng a344.01 PUR aPURI S D aPAYMENT OF GRATUITY ACT 1972 c2008aMumbaibSnow White Publication Pvt. Ltd. a720 : p. : cm ; 24 cRSb15